Größte Fußballvereine Niedersachsens.(aktuell) - Statistiken

Allgemein
  • Dieses Quiz wurde 235 mal gespielt
  • Das Durchschnittsergebnis liegt bei 8 aus 12
Antwortstatistiken
Liga Verein % Korrekt
2.Liga Hannover 96
99%
4.Liga Hannover 96 II
99%
1.Liga VfL Wolfsburg
98%
2.Liga Eintracht Braunschweig
95%
2.Liga VfL Osnabrück
92%
4.Liga VfB Oldenburg
80%
4.Liga SV Meppen
62%
4.Liga TSV Havelse
37%
4.Liga SV Drochtersen/Assel
34%
4.Liga SSv Jeddeloh
29%
4.Liga Blau Weiß Lohne
21%
4.Liga SC Spelle-Venhaus
16%
Keine übereinstimmenden Quizze gefunden
Verteilung der Resultate
Anzahl Personen mit jedem Resultat
Perzentil nach korrekt beantworteten Fragen
Ihre Resultats-Entwicklung
Sie haben dieses Quiz noch nicht gespielt